Normal view
MARC view
- Filippone, Antonio,
Entry Personal Name
001 - CONTROL NUMBER
- control field: 2465
003 - CONTROL NUMBER IDENTIFIER
- control field: NUST
005 - DATE AND TIME OF LATEST TRANSACTION
- control field: 20170613094106.0
008 - FIXED-LENGTH DATA ELEMENTS
- fixed length control field: 170613|| aca||aabn | a|a d
040 ## - CATALOGING SOURCE
- Original cataloging agency: NUST
- Transcribing agency: NUST
100 ## - HEADING--PERSONAL NAME
- Personal name: Filippone, Antonio,
- Dates associated with a name: 1965-
670 ## - SOURCE DATA FOUND
- Source citation: Work cat.: (NUST)23525: Filippone, Antonio, 1965-, Flight performance of fixed and rotary wing aircraft /, c.2006.
